000 00702nam a2200217 a 4500
999 _c3033
_d3033
001 3033
003 BD-JhCC
005 20171109164340.0
008 171109s1983 bg |||| |||| 000 0 ben d
035 _a(BD-JhCC) 3033
040 _aBD-JhCC
_dBD-JhCC
041 _aben
082 _a891.4409
_bAHM 1983
100 _aআহমদ, শাহাবুদ্দীন
245 _aনজরুল সাহিত্য দর্শন /
_c শাহাবুদ্দীন আহমদ
260 _aঢাকা :
_bবাংলা একাডেমী,
_c১৯৮৩.
300 _a২১০ পৃ. :
_c২১ সেমি.
650 _aBengali literature
942 _2ddc
_cBK